[Event "XXVI Festival Conca della Presolana B"]
[Site "Bratto - Castione della Presolana ITA"]
[Date "2006.08.21"]
[Round "2"]
[White "Milanesi, Erminio"]
[Black "Lanni, Vincenzo"]
[Result "1/2-1/2"]
[WhiteElo "1874"]
[BlackElo "1697"]
[PlyCount "165"]
[EventDate "2006.08.20"]

1. e4 g6 2. Nc3 Bg7 3. f4 c6 4. Nf3 d6 5. Be2 Nf6 6. O-O O-O 7. d4 Qc7 8. h3
Nbd7 9. e5 dxe5 10. fxe5 Nd5 11. Nxd5 cxd5 12. c3 Nb6 13. Bf4 e6 14. Qc1 Bd7
15. Bh6 Bc6 16. Bxg7 Kxg7 17. Nh2 h6 18. Ng4 Rh8 19. Qf4 Qe7 20. Nf6 Nc4 21. b3
Na3 22. Bd3 Bb5 23. Bxb5 Nxb5 24. c4 Nc3 25. Rf2 Raf8 26. Rc1 Ne4 27. Nxe4 dxe4
28. Qxe4 Rc8 29. Rfc2 Rhd8 30. d5 Rd7 31. d6 Qg5 32. c5 f5 33. exf6+ Qxf6 34.
c6 bxc6 35. Rxc6 Rxc6 36. Rxc6 e5 37. Rc7 Rxc7 38. dxc7 Qb6+ 39. Kf1 Qxc7 40.
Ke2 Kf6 41. g4 Qc5 42. h4 a5 43. Qc4 Qb6 44. a3 h5 45. g5+ Kf5 46. b4 axb4 47.
axb4 Qb7 48. b5 Qg2+ 49. Ke1 Qg3+ 50. Kd2 Qf2+ 51. Kc3 Qe1+ 52. Kb3 e4 53. Qc2
Kf4 54. Qc7+ Kg4 55. b6 e3 56. Qc2 e2 57. b7 Qg3+ 58. Ka2 e1=Q 59. Qc8+ Kxh4
60. b8=Q Qxb8 61. Qc4+ Kxg5 62. Qc1+ Kg4 63. Qxe1 Qa7+ 64. Kb3 Qb6+ 65. Ka4 Kf4
66. Qh4+ Kf5 67. Qc4 Qe6 68. Qf1+ Kg5 69. Qc1+ Kf6 70. Qf4+ Qf5 71. Qd6+ Kg7
72. Qe7+ Kh6 73. Qe3+ g5 74. Qc3 g4 75. Qe3+ Kg6 76. Qe8+ Kg5 77. Qe7+ Kf4 78.
Qd6+ Qe5 79. Qd2+ Qe3 80. Qd6+ Kf3 81. Qd1+ Kg2 82. Qd5+ Kf2 83. Qxh5 1/2-1/2

[Event "XXVI Festival Conca della Presolana B"]
[Site "Bratto - Castione della Presolana ITA"]
[Date "2006.08.21"]
[Round "2"]
[White "Paniga, Danilo"]
[Black "Morandi, Daniele"]
[Result "0-1"]
[WhiteElo "1815"]
[BlackElo "1895"]
[PlyCount "150"]
[EventDate "2006.08.20"]

1. d4 Nf6 2. Nf3 g6 3. Nbd2 Bg7 4. e4 d6 5. Bd3 O-O 6. O-O Nbd7 7. c3 e5 8.
dxe5 Nxe5 9. Nxe5 dxe5 10. Qc2 c6 11. a4 Nh5 12. Re1 Be6 13. b4 Nf4 14. Bf1 Qc7
15. Nc4 b5 16. Nb2 a6 17. Be3 Rfd8 18. a5 Bf8 19. Bb6 Qe7 20. Bxd8 Rxd8 21. Nd3
Rxd3 22. Bxd3 c5 23. Rab1 Qg5 24. Bf1 h5 25. g3 h4 26. Qc1 hxg3 27. fxg3 Qg4
28. Qd1 Qg5 29. Bg2 Nh5 30. Qe2 cxb4 31. cxb4 Bh6 32. Rbd1 Qe7 33. Qb2 Bf8 34.
Rb1 Bg7 35. Qc3 Qa7+ 36. Qe3 Qxe3+ 37. Rxe3 Bf8 38. Rc3 Bd7 39. Rc7 Nf6 40. Ra7
Bc8 41. Ra8 Bb7 42. Rb8 Bxe4 43. Rb6 Bxb1 44. Rxf6 Bxb4 45. Rxa6 Bc5+ 46. Kf1
b4 47. Ra8+ Kg7 48. Rb8 Bd4 49. Bd5 Bd3+ 50. Ke1 e4 51. Rb7 e3 52. Rxf7+ Kh6
53. Bf3 b3 54. Rb7 b2 55. Rb8 b1=Q+ 56. Rxb1 Bxb1 57. Ke2 g5 58. a6 Kg6 59. Bc6
Kf5 60. Bd7+ Ke5 61. Bc6 Bf5 62. Bf3 g4 63. Bc6 Be4 64. Bb5 Bf3+ 65. Ke1 Bb6
66. Kf1 Kd4 67. Ke1 Kc3 68. Bf1 Kc2 69. Bb5 Ba5+ 70. Kf1 Kd2 71. a7 Bb6 72. h3
gxh3 73. a8=Q Bxa8 74. Be2 h2 75. Bf3 Bxf3 0-1

[Event "XXVI Festival Conca della Presolana B"]
[Site "Bratto - Castione della Presolana ITA"]
[Date "2006.08.21"]
[Round "2"]
[White "Peron, Davide"]
[Black "Bonotto, Giorgio"]
[Result "0-1"]
[WhiteElo "1724"]
[BlackElo "1918"]
[PlyCount "44"]
[EventDate "2006.08.20"]

1. e4 e5 2. Nf3 d6 3. Bc4 Nf6 4. d3 Be7 5. O-O O-O 6. c3 Be6 7. Bxe6 fxe6 8.
Qb3 Qc8 9. Bg5 c5 10. Re1 Nc6 11. Nbd2 Qd7 12. Nf1 Nh5 13. Bxe7 Qxe7 14. Re3
Kh8 15. Ng3 Nf4 16. Qd1 Qf6 17. Ne2 g5 18. Qe1 g4 19. Nd2 Qg5 20. Kh1 Rf6 21.
g3 Nh3 22. f3 Qxe3 0-1

[Event "XXVI Festival Conca della Presolana B"]
[Site "Bratto - Castione della Presolana ITA"]
[Date "2006.08.21"]
[Round "2"]
[White "Pesce, Leandro"]
[Black "Boffa, Mauro"]
[Result "1/2-1/2"]
[WhiteElo "1767"]
[BlackElo "1900"]
[PlyCount "62"]
[EventDate "2006.08.20"]

1. e4 c5 2. Nc3 Nc6 3. Bb5 Nd4 4. a4 g6 5. d3 Bg7 6. Nge2 e6 7. Nxd4 Bxd4 8.
Ne2 Bg7 9. Bc4 d5 10. exd5 exd5 11. Bb3 Ne7 12. Ng3 Be6 13. c3 O-O 14. O-O Qd6
15. d4 cxd4 16. cxd4 Nc6 17. Be3 Qb4 18. Ne2 Rac8 19. Bd2 Qd6 20. Bf4 Qd7 21.
Qd2 Rfe8 22. Bc2 a5 23. Be3 Nb4 24. Bb3 Bf5 25. Rfc1 Rxc1+ 26. Rxc1 Rc8 27.
Rxc8+ Qxc8 28. Nc3 Qd7 29. Nb5 Qc6 30. Qc3 Bd3 31. Na7 Qe6 1/2-1/2

[Event "XXVI Festival Conca della Presolana B"]
[Site "Bratto - Castione della Presolana ITA"]
[Date "2006.08.21"]
[Round "2"]
[White "Roversi, Stefano"]
[Black "Celli, Ugo"]
[Result "1/2-1/2"]
[WhiteElo "1857"]
[BlackElo "1733"]
[PlyCount "133"]
[EventDate "2006.08.20"]

1. e4 d6 2. d4 e5 3. Nf3 Nf6 4. Nc3 Nbd7 5. Bc4 Be7 6. O-O O-O 7. Bg5 c6 8.
dxe5 dxe5 9. Qe2 b5 10. Bb3 a5 11. a3 Ba6 12. Bxf6 Bxf6 13. Nd1 Nb6 14. Ne3 b4
15. Nc4 Qe7 16. Rfd1 Qc5 17. Qe3 Qxe3 18. Nxe3 a4 19. Ba2 bxa3 20. bxa3 Be2 21.
Rdb1 Bxf3 22. gxf3 Rab8 23. Nf5 g6 24. Nh6+ Kg7 25. Ng4 Na8 26. c3 Nc7 27. Rb4
Rxb4 28. cxb4 Nb5 29. Bc4 Rd8 30. Bxb5 cxb5 31. Rc1 Rd3 32. Kg2 Rxa3 33. Rc6
Be7 34. Nxe5 Rb3 35. Rb6 a3 36. Rxb5 Rxb4 37. Ra5 Bf6 38. Nd3 Rb3 39. Nc5 Rc3
40. Nd7 Bd4 41. Ra4 Rd3 42. f4 f6 43. e5 fxe5 44. fxe5 Kf7 45. Ra6 Ke7 46. e6
Rb3 47. Ra4 Rd3 48. Ra6 Bb2 49. Nc5 Rd6 50. Ra7+ Ke8 51. Ra8+ Rd8 52. Ra6 Rc8
53. Ne4 Rc2 54. Nd6+ Ke7 55. Nb5 Re2 56. Nxa3 Bxa3 57. Rxa3 Kxe6 58. Kf3 Re5
59. Ra7 h5 60. Ra8 Kf5 61. Rf8+ Kg5 62. Kg3 Rf5 63. f4+ Kh6 64. Rxf5 gxf5 65.
Kh4 Kg6 66. Kg3 Kg7 67. Kh4 1/2-1/2

[Event "XXVI Festival Conca della Presolana B"]
[Site "Bratto - Castione della Presolana ITA"]
[Date "2006.08.21"]
[Round "2"]
[White "Sanzani, Pierluigi"]
[Black "Rozzoni, Davide"]
[Result "0-1"]
[WhiteElo "1892"]
[BlackElo "1714"]
[PlyCount "20"]
[EventDate "2006.08.20"]

1. e4 g6 2. d4 c6 3. Nc3 Nh6 4. Nf3 Bg7 5. h3 f6 6. Be3 Nf7 7. Qd2 O-O 8. Bc4
d6 9. Bh6 Bxh6 10. Bxf7+ Kg7 0-1

[Event "XXVI Festival Conca della Presolana B"]
[Site "Bratto - Castione della Presolana ITA"]
[Date "2006.08.21"]
[Round "2"]
[White "Scarpellini, Felice"]
[Black "Di Chiara, Mauro"]
[Result "1/2-1/2"]
[WhiteElo "1913"]
[BlackElo "1721"]
[PlyCount "92"]
[EventDate "2006.08.20"]

1. c4 f5 2. Nc3 Nf6 3. g3 e6 4. Bg2 Be7 5. e3 O-O 6. Nge2 d6 7. d4 c6 8. O-O e5
9. d5 c5 10. a3 Na6 11. Rb1 Nc7 12. b4 b6 13. Na4 e4 14. Bb2 Bd7 15. bxc5 Bxa4
16. Qxa4 bxc5 17. Bxf6 Bxf6 18. Rb7 Be5 19. Rfb1 h5 20. Nf4 Bxf4 21. exf4 Ne8
22. Rxa7 Rxa7 23. Qxa7 Rf7 24. Qa4 Qe7 25. Rb8 Rf8 26. Qb3 h4 27. a4 g5 28.
fxg5 Qxg5 29. Qe3 Qf6 30. h3 Qa1+ 31. Kh2 hxg3+ 32. fxg3 Qf6 33. a5 Ng7 34.
Rxf8+ Qxf8 35. a6 Qa8 36. Qa3 Ne8 37. Qa5 e3 38. Bf3 Qa7 39. Qb5 Nc7 40. Qb7
Qxa6 41. Qxa6 Nxa6 42. Be2 Nb4 43. Bd1 Kg7 44. Kg2 Nd3 45. Be2 Ne5 46. h4 Kf6
1/2-1/2

[Event "XXVI Festival Conca della Presolana B"]
[Site "Bratto - Castione della Presolana ITA"]
[Date "2006.08.21"]
[Round "2"]
[White "Simone, Marco"]
[Black "Franzini, Stefano"]
[Result "1-0"]
[WhiteElo "1880"]
[BlackElo "1700"]
[PlyCount "65"]
[EventDate "2006.08.20"]

1. e4 d5 2. exd5 Qxd5 3. Nc3 Qd6 4. d4 g6 5. Nf3 Bg7 6. Nb5 Qd8 7. Bf4 Na6 8.
Bc4 c6 9. Nc3 Nf6 10. O-O Nc7 11. Qd2 Be6 12. Bxc7 Qxc7 13. Bxe6 fxe6 14. Ng5
Qd6 15. Qe2 O-O 16. Nxe6 Rf7 17. Ng5 Rff8 18. Qc4+ Nd5 19. Nce4 b5 20. Qb3 Qf4
21. Qh3 h6 22. Qe6+ Kh8 23. Nf3 Kh7 24. c3 Nc7 25. Qxc6 Rac8 26. Rfe1 g5 27.
Ng3 g4 28. Re4 Qf7 29. Rxg4 Ne6 30. Qe4+ Kh8 31. Re1 Ng5 32. Rxg5 hxg5 33. Nxg5
1-0

[Event "XXVI Festival Conca della Presolana B"]
[Site "Bratto - Castione della Presolana ITA"]
[Date "2006.08.21"]
[Round "2"]
[White "Tafur, Abel"]
[Black "Cambieri, Mario"]
[Result "1/2-1/2"]
[WhiteElo "1966"]
[BlackElo "1814"]
[PlyCount "90"]
[EventDate "2006.08.20"]

1. e4 c5 2. Nf3 d6 3. c4 Nf6 4. Nc3 g6 5. g3 Bg7 6. Bg2 Nc6 7. O-O O-O 8. d3
Rb8 9. Bg5 a6 10. a4 Bd7 11. Qd2 Na5 12. Ra3 Nc6 13. Bh6 Nd4 14. Bxg7 Kxg7 15.
Nxd4 cxd4 16. Ne2 e5 17. Qb4 Bc6 18. Rc1 Qd7 19. a5 Rfd8 20. h3 Ne8 21. Kh2 Nc7
22. Raa1 Ne6 23. Qa3 Qe8 24. b4 h6 25. Qb2 f5 26. f3 fxe4 27. fxe4 Qe7 28. Qd2
Rf8 29. Rf1 Rf6 30. Rxf6 Qxf6 31. Rf1 Qe7 32. Nc1 Rf8 33. Rxf8 Qxf8 34. Qe2 Qf6
35. Nb3 Bd7 36. Nd2 Ng5 37. Nf3 Bxh3 38. Nxg5 Bxg2 39. Kxg2 Qxg5 40. Qb2 Qe3
41. Qb3 Qd2+ 42. Kh3 Kf6 43. c5 Qe1 44. Kg2 Qd2+ 45. Kf3 Qe1 1/2-1/2

[Event "XXVI Festival Conca della Presolana B"]
[Site "Bratto - Castione della Presolana ITA"]
[Date "2006.08.21"]
[Round "2"]
[White "Vanzan, Alessandro"]
[Black "Vignoli, Matteo"]
[Result "0-1"]
[WhiteElo "1835"]
[BlackElo "1941"]
[PlyCount "62"]
[EventDate "2006.08.20"]

1. c4 Nf6 2. Nc3 g6 3. Nf3 Bg7 4. g3 d6 5. Bg2 O-O 6. O-O c5 7. d3 Nc6 8. Rb1
Bd7 9. a3 Qc8 10. Re1 h6 11. b4 Ng4 12. Bd2 f5 13. b5 Nd8 14. Nd5 Rf7 15. b6 a6
16. Qc1 Kh7 17. h3 Nf6 18. Nxf6+ Rxf6 19. Bc3 e5 20. e3 Rf7 21. Nd2 Bc6 22. e4
f4 23. Nf3 Ne6 24. h4 Bd7 25. Kh2 Qf8 26. Rf1 Qe7 27. Qd2 Raf8 28. g4 Bf6 29.
Kh3 Ng7 30. Nh2 Bxh4 31. f3 Bg3 0-1

[Event "XXVI Festival Conca della Presolana B"]
[Site "Bratto - Castione della Presolana ITA"]
[Date "2006.08.21"]
[Round "2"]
[White "Villa, Claudio"]
[Black "Brunelli, Giovanni"]
[Result "0-1"]
[WhiteElo "1753"]
[BlackElo "1882"]
[PlyCount "96"]
[EventDate "2006.08.20"]

1. b3 d6 2. Bb2 e5 3. e3 Nf6 4. g3 Be6 5. Bg2 Nc6 6. Ne2 Qd7 7. c4 Be7 8. Nbc3
O-O-O 9. a3 d5 10. cxd5 Nxd5 11. Qc2 f5 12. O-O g5 13. Nxd5 Bxd5 14. Bxd5 Qxd5
15. Qxf5+ Kb8 16. d4 Rhf8 17. Qc2 e4 18. Nc3 Qf5 19. Qxe4 Qf7 20. b4 Bd6 21.
Qc2 h5 22. Ne4 Be7 23. f4 gxf4 24. Rxf4 Qg6 25. Qg2 Rg8 26. Bc3 Rde8 27. Raf1
Nd8 28. Bd2 Ne6 29. Rf5 h4 30. Be1 Ng5 31. Nf6 h3 32. Qd5 Bxf6 33. Rxf6 Qd3 34.
Bf2 Ne4 35. Rf3 Nd2 36. Rd1 Nxf3+ 37. Qxf3 Qc2 38. Re1 Rgf8 39. Qe2 Qe4 40. Qf1
Rf3 41. Qxh3 Ref8 42. Re2 Qd3 43. Qf1 Qxa3 44. Qe1 Qb3 45. Qd2 Qf7 46. Kg2 Qh5
47. Bg1 Rxg3+ 48. hxg3 Qf3+ 0-1

[Event "XXVI Festival Conca della Presolana B"]
[Site "Bratto - Castione della Presolana ITA"]
[Date "2006.08.22"]
[Round "3"]
[White "Acunzo, Domenico"]
[Black "Gallavotti, Eugenio"]
[Result "1-0"]
[WhiteElo "1764"]
[BlackElo "1705"]
[PlyCount "79"]
[EventDate "2006.08.20"]

1. e4 c5 2. Nf3 a6 3. c3 Nf6 4. e5 Nd5 5. c4 Nb6 6. d4 cxd4 7. Qb3 d6 8. exd6
Qxd6 9. Be2 e5 10. Nbd2 Bf5 11. Nh4 Bg6 12. Nxg6 Qxg6 13. Bf3 N8d7 14. Ne4 Rc8
15. O-O Rxc4 16. Bd2 Be7 17. Rac1 Rxc1 18. Rxc1 O-O 19. a4 Rb8 20. a5 Na8 21.
Ng3 Nc5 22. Qa2 e4 23. Bh5 Qf6 24. b4 Nd3 25. Rf1 Nxb4 26. Bxb4 Bxb4 27. Nxe4
Qe6 28. Qb1 g6 29. Bd1 Bxa5 30. Bb3 Qe5 31. f4 Qe7 32. Kh1 Nc7 33. f5 Re8 34.
Ng3 Rf8 35. fxg6 hxg6 36. Qxg6+ Kh8 37. Qh6+ Kg8 38. Nf5 Qf6 39. Qxf6 Ne6 40.
Bxe6 1-0

[Event "XXVI Festival Conca della Presolana B"]
[Site "Bratto - Castione della Presolana ITA"]
[Date "2006.08.22"]
[Round "3"]
[White "Allegretti, Luigi"]
[Black "Longo, Pietro"]
[Result "1/2-1/2"]
[WhiteElo "1981"]
[BlackElo "1757"]
[PlyCount "63"]
[EventDate "2006.08.20"]

1. d4 Nf6 2. Bf4 g6 3. e3 Bg7 4. Nd2 O-O 5. Be2 d5 6. c3 Nbd7 7. h3 Re8 8. Ngf3
c6 9. Ne5 Nxe5 10. Bxe5 Nd7 11. Bxg7 Kxg7 12. f4 e5 13. fxe5 Qh4+ 14. Kf1 Qg5
15. e4 Qf4+ 16. Bf3 Nb6 17. Kf2 dxe4 18. Nxe4 Nc4 19. Qe2 Nxe5 20. dxe5 Rxe5
21. Rae1 f5 22. g3 Qh6 23. Qd2 fxe4 24. Qxh6+ Kxh6 25. Rxe4 Rxe4 26. Bxe4 Be6
27. a3 Rf8+ 28. Ke3 Kg7 29. Rh2 Re8 30. Kd2 Bc4 31. Bc2 Bd5 32. Rf2 1/2-1/2

[Event "XXVI Festival Conca della Presolana B"]
[Site "Bratto - Castione della Presolana ITA"]
[Date "2006.08.22"]
[Round "3"]
[White "Boffa, Mauro"]
[Black "Peron, Davide"]
[Result "1/2-1/2"]
[WhiteElo "1900"]
[BlackElo "1724"]
[PlyCount "67"]
[EventDate "2006.08.20"]

1. d4 Nf6 2. c4 e6 3. Nc3 Bb4 4. f3 d5 5. a3 Be7 6. cxd5 exd5 7. e4 dxe4 8.
fxe4 O-O 9. Nf3 b6 10. Bd3 Ba6 11. O-O Bxd3 12. Qxd3 h6 13. e5 Nd5 14. Qe4 c6
15. Qg4 Qd7 16. Qg3 Qe6 17. Nxd5 cxd5 18. Ne1 Nd7 19. Nd3 Kh8 20. Nf4 Qc6 21.
e6 Nf6 22. exf7 Rxf7 23. Qg6 Raf8 24. Be3 Qd6 25. Qf5 Kg8 26. Ng6 Nh7 27. Qh5
Rxf1+ 28. Rxf1 Rxf1+ 29. Kxf1 Bg5 30. Bxg5 Nxg5 31. Ne5 Qf6+ 32. Ke2 Ne6 33.
Qe8+ Kh7 34. Nf7 1/2-1/2

[Event "XXVI Festival Conca della Presolana B"]
[Site "Bratto - Castione della Presolana ITA"]
[Date "2006.08.22"]
[Round "3"]
[White "Bonotto, Giorgio"]
[Black "Roversi, Stefano"]
[Result "0-1"]
[WhiteElo "1918"]
[BlackElo "1857"]
[PlyCount "32"]
[EventDate "2006.08.20"]

1. e4 c5 2. Nf3 Nc6 3. d4 cxd4 4. Nxd4 a6 5. c4 e6 6. Nc2 Nf6 7. Nc3 Be7 8. Be3
O-O 9. Be2 Qa5 10. O-O Rd8 11. a3 Ne8 12. b4 Qe5 13. Na4 d5 14. exd5 exd5 15.
Bd4 Nxd4 16. Qxd4 Qxe2 0-1

[Event "XXVI Festival Conca della Presolana B"]
[Site "Bratto - Castione della Presolana ITA"]
[Date "2006.08.22"]
[Round "3"]
[White "Brunelli, Giovanni"]
[Black "Mazzotti, Federico"]
[Result "0-1"]
[WhiteElo "1882"]
[BlackElo "1741"]
[PlyCount "102"]
[EventDate "2006.08.20"]

1. e4 c5 2. Nf3 Nc6 3. Be2 e6 4. O-O Qc7 5. Nc3 a6 6. d4 cxd4 7. Nxd4 Nf6 8.
Be3 b5 9. a3 Bb7 10. f3 Rc8 11. Qd2 Nxd4 12. Bxd4 Bc5 13. Bxc5 Qxc5+ 14. Kh1
O-O 15. Bd3 Qh5 16. Rae1 d5 17. e5 Nd7 18. f4 Nc5 19. Be2 Qg6 20. Rf3 d4 21.
Qxd4 Bxf3 22. Bxf3 Qxc2 23. Ne4 Nxe4 24. Bxe4 Qc4 25. Qf2 Rcd8 26. g3 Rd4 27.
Qe3 Rfd8 28. Bf3 Qd3 29. Qf2 Qd2 30. Re2 Qc1+ 31. Re1 Rd2 32. Rxc1 Rxf2 33. Bb7
Rxb2 34. Bxa6 g6 35. Rc8 Rxc8 36. Bxc8 Kf8 37. Bd7 Ke7 38. Bc6 f6 39. h3 fxe5
40. fxe5 Rb3 41. Kg2 Rxa3 42. Bxb5 Ra5 43. Bd3 Rxe5 44. Kf3 Kf6 45. h4 Ra5 46.
Bc4 Ra3+ 47. Kg2 Rc3 48. Be2 Rc2 49. Kf3 Rxe2 50. Kxe2 Kf5 51. Kf3 h5 0-1

[Event "XXVI Festival Conca della Presolana B"]
[Site "Bratto - Castione della Presolana ITA"]
[Date "2006.08.22"]
[Round "3"]
[White "Cambieri, Mario"]
[Black "Bettini, Massimo"]
[Result "0-1"]
[WhiteElo "1814"]
[BlackElo "1887"]
[PlyCount "38"]
[EventDate "2006.08.20"]

1. c4 e5 2. Nc3 Nf6 3. g3 d5 4. cxd5 Nxd5 5. Bg2 Nb6 6. d3 Nc6 7. Nf3 Be7 8.
O-O g5 9. b3 g4 10. Nd2 h5 11. Nc4 h4 12. Nxb6 axb6 13. Nd5 hxg3 14. fxg3 Bc5+
15. Be3 Bxe3+ 16. Nxe3 Qd4 17. Qd2 Be6 18. Kh1 O-O-O 19. Be4 Qxe4+ 0-1

[Event "XXVI Festival Conca della Presolana B"]
[Site "Bratto - Castione della Presolana ITA"]
[Date "2006.08.22"]
[Round "3"]
[White "Celli, Ugo"]
[Black "Simone, Marco"]
[Result "1-0"]
[WhiteElo "1733"]
[BlackElo "1880"]
[PlyCount "141"]
[EventDate "2006.08.20"]

1. c4 g6 2. Nc3 Bg7 3. g3 c6 4. Bg2 d6 5. Nf3 Nf6 6. O-O O-O 7. d3 Re8 8. h3 e5
9. Bd2 Nbd7 10. Qc1 Nf8 11. Ng5 Ne6 12. Nxe6 Bxe6 13. Bg5 Qd7 14. Kh2 Rac8 15.
Qe3 b6 16. Qf3 Nh5 17. g4 h6 18. Bxh6 Nf6 19. Bxg7 Kxg7 20. Qg3 Rh8 21. Kg1 Rh7
22. f4 exf4 23. Qxf4 Qe7 24. Rf2 Rch8 25. Raf1 Ne8 26. Ne4 f5 27. Qg5 Kg8 28.
Qxg6+ Rg7 29. Qxe8+ Qxe8 30. Nf6+ Kf7 31. Nxe8 Kxe8 32. gxf5 Bd7 33. Kh2 Kf7
34. d4 Kf6 35. e4 c5 36. Rd1 Bc8 37. dxc5 dxc5 38. Rd6+ Ke5 39. Rd5+ Kf6 40.
e5+ Kf7 41. Rd6 Rgh7 42. Rc6 Kg7 43. f6+ Kh6 44. f7+ Kg7 45. f8=Q+ Rxf8 46.
Rxf8 Bd7 47. Rff6 Bxc6 48. Bxc6 Rh5 49. Re6 Rf5 50. Rf6 Rxe5 51. Rf2 Re3 52.
Bd5 Rd3 53. Bf3 Rd4 54. b3 a5 55. Bd5 Rd3 56. Kg2 b5 57. Rf7+ Kh6 58. Rc7 Rd2+
59. Kg3 bxc4 60. bxc4 Rxa2 61. Rxc5 a4 62. Ra5 a3 63. c5 Rd2 64. c6 Rd3+ 65.
Kg4 Rd4+ 66. Kf5 Rd3 67. Be6 Rc3 68. Bd7 Rxh3 69. Kf6 Rc3 70. Ra8 Rf3+ 71. Bf5
1-0

[Event "XXVI Festival Conca della Presolana B"]
[Site "Bratto - Castione della Presolana ITA"]
[Date "2006.08.22"]
[Round "3"]
[White "Di Chiara, Mauro"]
[Black "Bolognesi, Alberto"]
[Result "1-0"]
[WhiteElo "1721"]
[BlackElo "1900"]
[PlyCount "39"]
[EventDate "2006.08.20"]

1. d4 Nf6 2. Nf3 e6 3. e3 d5 4. c4 c6 5. Bd3 Bd6 6. Nbd2 Nbd7 7. O-O O-O 8. b3
e5 9. cxd5 Nxd5 10. Nc4 Qe7 11. Nxd6 Qxd6 12. Bb2 exd4 13. Bxd4 f5 14. Rc1 Kh8
15. Re1 c5 16. Bb2 b6 17. Bc4 Bb7 18. Rc2 Qc6 19. Bxd5 Qxd5 20. Rd2 1-0

[Event "XXVI Festival Conca della Presolana B"]
[Site "Bratto - Castione della Presolana ITA"]
[Date "2006.08.22"]
[Round "3"]
[White "Elsido, Massimo"]
[Black "Paniga, Danilo"]
[Result "1-0"]
[WhiteElo "1742"]
[BlackElo "1815"]
[PlyCount "131"]
[EventDate "2006.08.20"]

1. e4 d6 2. d4 Nf6 3. Nc3 c6 4. Nf3 Bg4 5. h3 Bh5 6. Bd3 e6 7. O-O d5 8. e5
Nfd7 9. Ne2 c5 10. c3 Nc6 11. Be3 Be7 12. Nf4 Bg6 13. Nxg6 hxg6 14. Qd2 c4 15.
Bc2 b5 16. b4 Nf8 17. a4 a6 18. Ra2 Nd7 19. Rfa1 Nb6 20. axb5 axb5 21. Rxa8
Nxa8 22. Bg5 Nb6 23. Bxe7 Qxe7 24. Kh2 Kd7 25. Qe1 Qd8 26. Qc1 Qc7 27. Ng1 Ra8
28. Rxa8 Nxa8 29. Qa3 Qa7 30. Qxa7+ Nxa7 31. Ne2 Nb6 32. f4 Na4 33. Kg1 Nb6 34.
g4 Nac8 35. Kf2 Ne7 36. Ke3 Ng8 37. f5 gxf5 38. gxf5 Nh6 39. fxe6+ fxe6 40. Kf4
Ke7 41. Kg5 Kf7 42. Bg6+ Ke7 43. Bh5 Na4 44. Bg6 Nf7+ 45. Kf4 Nh8 46. Bc2 Nb6
47. Ke3 Kf7 48. Nf4 Nc8 49. Bd1 Ne7 50. Bg4 Nf5+ 51. Bxf5 exf5 52. Nxd5 Ng6 53.
Nc7 Ne7 54. Nxb5 Nd5+ 55. Kf3 g5 56. Nd6+ Ke6 57. b5 Nb6 58. Ne8 g4+ 59. hxg4
fxg4+ 60. Kxg4 Nd5 61. Nd6 Nb6 62. Kf3 Kd5 63. Ne4 Na4 64. Kf4 Nxc3 65. Nxc3+
Kxd4 66. b6 1-0

[Event "XXVI Festival Conca della Presolana B"]
[Site "Bratto - Castione della Presolana ITA"]
[Date "2006.08.22"]
[Round "3"]
[White "Fizzotti, Mario"]
[Black "Villa, Claudio"]
[Result "0-1"]
[WhiteElo "1868"]
[BlackElo "1753"]
[PlyCount "100"]
[EventDate "2006.08.20"]

1. c4 Nf6 2. Nc3 Nc6 3. d4 d5 4. cxd5 Nxd5 5. e4 Nxc3 6. bxc3 g6 7. Nf3 Bg7 8.
Bc4 O-O 9. O-O Bd7 10. e5 e6 11. Bg5 Qe8 12. Qd2 Ne7 13. Bd3 b5 14. Be4 Nd5 15.
a4 a6 16. axb5 axb5 17. Bh6 c6 18. Bxg7 Kxg7 19. h4 Qe7 20. g3 Ra3 21. Rxa3
Qxa3 22. Bxd5 cxd5 23. Qc1 Qxc1 24. Rxc1 Rc8 25. Ne1 b4 26. Nd3 Rxc3 27. Rd1 b3
28. Nc5 Bb5 29. Rb1 Bc4 30. Na4 Rd3 31. Nc5 Rxd4 32. Nxb3 Re4 33. f4 Re3 34.
Nd4 Rxg3+ 35. Kf2 Rg4 36. Kf3 Rxh4 37. Rb7 Rh3+ 38. Kg2 Ra3 39. Nxe6+ Kh6 40.
Rxf7 d4 41. Re7 d3 42. Ng5 Kh5 43. Nf3 Kg4 44. Nh2+ Kxf4 45. e6 Bd5+ 46. Kg1
Ra1+ 47. Kf2 Ra2+ 48. Kg1 Rg2+ 49. Kf1 d2 50. Rf7+ Kg3 0-1

[Event "XXVI Festival Conca della Presolana B"]
[Site "Bratto - Castione della Presolana ITA"]
[Date "2006.08.22"]
[Round "3"]
[White "Franzini, Stefano"]
[Black "Milanesi, Erminio"]
[Result "0-1"]
[WhiteElo "1700"]
[BlackElo "1874"]
[PlyCount "43"]
[EventDate "2006.08.20"]

1. d4 g6 2. Nf3 Nh6 3. Bf4 f6 4. e4 Nf7 5. Qd2 Bg7 6. Nc3 c6 7. Bc4 e6 8. a3
O-O 9. O-O d5 10. Bd3 e5 11. Be3 dxe4 12. Nxe4 f5 13. Bg5 Qe8 14. Nf6+ Bxf6 15.
Bxf6 e4 16. Bc4 Be6 17. d5 cxd5 18. Bxd5 Bxd5 19. Qxd5 exf3 20. Rfe1 Qc6 21.
Qd2 Nd7 22. Re7 0-1

[Event "XXVI Festival Conca della Presolana B"]
[Site "Bratto - Castione della Presolana ITA"]
[Date "2006.08.22"]
[Round "3"]
[White "Galasso, Daniele"]
[Black "Caputi, Giuliano"]
[Result "0-1"]
[WhiteElo "1721"]
[BlackElo "1945"]
[PlyCount "66"]
[EventDate "2006.08.20"]

1. c4 e5 2. Nc3 Nf6 3. g3 Be7 4. Bg2 O-O 5. d3 c6 6. Nf3 d6 7. O-O Nbd7 8. Rb1
Nh5 9. b4 f5 10. a4 Ndf6 11. Bg5 h6 12. Bxf6 Bxf6 13. Qc2 d5 14. cxd5 cxd5 15.
Nd2 e4 16. Rfc1 Be6 17. e3 d4 18. exd4 exd3 19. Qxd3 Bxd4 20. Qe2 Bf7 21. Nb3
Rc8 22. Nxd4 Qxd4 23. Qb2 Rfe8 24. Bxb7 Rc7 25. Ba6 f4 26. Kf1 Be6 27. Qa1 Bh3+
28. Kg1 fxg3 29. hxg3 Nxg3 30. Kh2 Qxf2+ 31. Kxh3 Ne2 32. Bxe2 Re3+ 33. Kg4
Rg3+ 0-1

[Event "XXVI Festival Conca della Presolana B"]
[Site "Bratto - Castione della Presolana ITA"]
[Date "2006.08.22"]
[Round "3"]
[White "Gozzini, Giambattista"]
[Black "Colombo, Sandro"]
[Result "1/2-1/2"]
[WhiteElo "1721"]
[BlackElo "1864"]
[PlyCount "50"]
[EventDate "2006.08.20"]

1. e4 c5 2. Nf3 Nc6 3. d4 cxd4 4. Nxd4 Nf6 5. Nc3 e5 6. Ndb5 d6 7. Bg5 a6 8.
Na3 b5 9. Nd5 Be7 10. Nxe7 Nxe7 11. Bxf6 gxf6 12. c4 Qa5+ 13. Qd2 Qxd2+ 14.
Kxd2 bxc4 15. Nxc4 O-O 16. Bd3 d5 17. Nb6 Rb8 18. Nxc8 Rfxc8 19. b3 Rb6 20.
exd5 Nxd5 21. Bc4 Rd6 22. Rhc1 Nb6+ 23. Kc3 Rdc6 24. Kd3 Rd8+ 25. Ke2 Rdc8
1/2-1/2

[Event "XXVI Festival Conca della Presolana B"]
[Site "Bratto - Castione della Presolana ITA"]
[Date "2006.08.22"]
[Round "3"]
[White "Lanni, Vincenzo"]
[Black "Vanzan, Alessandro"]
[Result "1/2-1/2"]
[WhiteElo "1697"]
[BlackElo "1835"]
[PlyCount "77"]
[EventDate "2006.08.20"]

1. d4 d5 2. g3 Nf6 3. Bg2 g6 4. Nf3 Bg7 5. O-O O-O 6. c3 c6 7. Nbd2 Bd7 8. Ne5
Be6 9. h3 Nbd7 10. f4 Qc8 11. Kh2 Nxe5 12. fxe5 Nd7 13. Nf3 Nb6 14. b3 a5 15.
Ba3 Qc7 16. Ng5 a4 17. Nxe6 fxe6 18. Qd2 Rxf1 19. Bxf1 axb3 20. axb3 Qd8 21.
Bg2 Ra6 22. Bb2 Rxa1 23. Bxa1 Qf8 24. Bb2 Nd7 25. Ba3 Bh6 26. Qd3 b6 27. Qf3
Qg7 28. h4 c5 29. Bh3 Qf7 30. Bg2 g5 31. h5 Qxf3 32. Bxf3 Kf7 33. e4 cxd4 34.
cxd4 g4 35. Bxg4 dxe4 36. Kg2 e3 37. Bb2 b5 38. d5 Nc5 39. dxe6+ 1/2-1/2